|
|
|
|
| LEADER |
01227nam a2200325 a 4500 |
| 001 |
EBC3111437 |
| 003 |
MiAaPQ |
| 005 |
20200520144314.0 |
| 006 |
m o d | |
| 007 |
cr cn||||||||| |
| 008 |
010420s2000 dcu sb 000 0 eng d |
| 010 |
|
|
|z 2001269108
|
| 020 |
|
|
|z 084477152X
|
| 035 |
|
|
|a (MiAaPQ)EBC3111437
|
| 035 |
|
|
|a (Au-PeEL)EBL3111437
|
| 035 |
|
|
|a (CaPaEBR)ebr10020624
|
| 035 |
|
|
|a (OCoLC)927514728
|
| 040 |
|
|
|a MiAaPQ
|c MiAaPQ
|d MiAaPQ
|
| 050 |
|
4 |
|a HF1413
|b .R35 2000
|
| 082 |
0 |
4 |
|a 382/.3/091724
|2 21
|
| 100 |
1 |
|
|a Rajapatirana, Sarath.
|
| 245 |
1 |
4 |
|a The trade policies of developing countries
|h [electronic resource] :
|b recent reforms and new challenges /
|c Sarath Rajapatirana.
|
| 260 |
|
|
|a Washington, D.C. :
|b AEI Press,
|c 2000.
|
| 300 |
|
|
|a iii, 41 p.
|
| 504 |
|
|
|a Includes bibliographical references (p. 37-40).
|
| 533 |
|
|
|a Electronic reproduction. Ann Arbor, MI : ProQuest, 2015. Available via World Wide Web. Access may be limited to ProQuest affiliated libraries.
|
| 651 |
|
0 |
|a Developing countries
|x Commercial policy.
|
| 655 |
|
4 |
|a Electronic books.
|
| 710 |
2 |
|
|a ProQuest (Firm)
|
| 856 |
4 |
0 |
|u https://ebookcentral.proquest.com/lib/matrademy/detail.action?docID=3111437
|z Click to View
|